Co jest w pociągu i w domu? - Statystyki

Ogólne statystyki
  • Ten quiz został rozwiązany 235 razy
  • Średni wynik to 4 z 8
Statystyki odpowiedzi
ODPOWIEDZI % Poprawnych
Drzwi
76%
Okna
73%
Toaleta
73%
Stolik
55%
Fotele
48%
Lampy
18%
Korytarz
13%
Ogrzewanie
12%
Nie znaleziono quizów pasujących do podanych kryteriów
Rozkład punktacji
Procent ludzi z każdym wynikiem
Percentyl według liczby udzielonych odpowiedzi
Twoja historia wyników
Nie rozwiązałeś tego quizu